Vzťahy medzi potenciálne patogénnymi mikroorganizmami a environmentálnymi faktormi

Gespeichert in:
Bibliographische Detailangaben
1. Verfasser: Györiová, Romana (Verfasst von)
Weitere Verfasser: Medveďová, Alžbeta (Betreuung Doktorarbeit)
Format: Manuskript Buch
Sprache:Slowakisch
Veröffentlicht: 2017
Schlagworte:
Online-Zugang:http://is.stuba.sk/zp/portal_zp.pl?podrobnosti=131786
Tags: Tag hinzufügen
Keine Tags, Fügen Sie das erste Tag hinzu!

MARC

LEADER 00000ntm a22000003a 4500
001 stuzp64174
003 SK-STU
005 20170610211114.2
007 ta
008 150427s2015----xo-----f-mn---000-0-slo-d
040 |a STU  |b slo 
041 0 |a slo 
100 1 |a Györiová, Romana  |u 040270  |4 aut  |U FCHPT Ústav potravinárstva a výživy  |T FCHPT Oddelenie výživy a hodnotenia kvality potravín  |X 42684  |U C0270  |Y 686  |7 42684 
242 0 1 |a Effects between potentially pathogenic microorganisms and environmental factors  |y eng 
245 1 0 |a Vzťahy medzi potenciálne patogénnymi mikroorganizmami a environmentálnymi faktormi 
260 |c 2017 
650 4 |a S. aureus  |2 slo 
650 4 |a E. coli  |2 slo 
650 4 |a prediktívna mikrobiológia  |2 slo 
650 4 |a rezistencia  |2 slo 
650 4 |a antibiotiká  |2 slo 
650 4 |a E. coli  |2 eng 
650 4 |a predictive microbiology  |2 eng 
650 4 |a resistance  |2 eng 
650 4 |a antibiotics  |2 eng 
650 4 |a S. aureus  |2 eng 
700 1 |a Medveďová, Alžbeta  |u 040270  |k Z1  |4 ths  |U FCHPT Ústav potravinárstva a výživy  |T FCHPT Oddelenie výživy a hodnotenia kvality potravín  |X 19372  |U C0270  |Y 686  |7 A000019372 
856 4 |u http://is.stuba.sk/zp/portal_zp.pl?podrobnosti=131786